Enzymatic crosslinking of chitosan and Type-A gelatin-based hydrogels for a drug delivery platform in tissue engineering [abstract] /

Elmentve itt :
Bibliográfiai részletek
Szerzők: Cobo-González Ana B.
Granados-Carrera Carmen M.
Romero Alberto
Domínguez-Robles Juan
Testületi szerző: VII. Symposium of Young Researchers on Pharmaceutical Technology, Biotechnology and Regulatory Science
Dokumentumtípus: Könyv része
Megjelent: 2025
Sorozat:Symposium of Young Researchers on Pharmaceutical Technology, Biotechnology and Regulatory Science 7
Kulcsszavak:Gyógyszertechnológia - előadáskivonat, Gyógyszerkutatás - előadáskivonat, Gyógyszerfejlesztés - előadáskivonat
Tárgyszavak:
doi:10.14232/syrptbrs.2025.66

Online Access:http://acta.bibl.u-szeged.hu/86564
LEADER 01261naa a2200253 i 4500
001 acta86564
005 20250212131338.0
008 250212s2025 hu o 100 eng d
024 7 |a 10.14232/syrptbrs.2025.66  |2 doi 
040 |a SZTE Egyetemi Kiadványok Repozitórium  |b hun 
041 |a eng 
100 2 |a Cobo-González Ana B. 
245 1 0 |a Enzymatic crosslinking of chitosan and Type-A gelatin-based hydrogels for a drug delivery platform in tissue engineering   |h [elektronikus dokumentum] :  |b [abstract] /  |c  Cobo-González Ana B. 
260 |c 2025 
300 |a 66 
490 0 |a Symposium of Young Researchers on Pharmaceutical Technology, Biotechnology and Regulatory Science  |v 7 
650 4 |a Orvos- és egészségtudomány 
650 4 |a Általános orvostudomány 
695 |a Gyógyszertechnológia - előadáskivonat, Gyógyszerkutatás - előadáskivonat, Gyógyszerfejlesztés - előadáskivonat 
700 0 2 |a Granados-Carrera Carmen M.  |e aut 
700 0 2 |a Romero Alberto  |e aut 
700 0 2 |a Domínguez-Robles Juan  |e aut 
711 |a VII. Symposium of Young Researchers on Pharmaceutical Technology, Biotechnology and Regulatory Science  |c Szeged  |d 2025. január 29-31. 
856 4 0 |u http://acta.bibl.u-szeged.hu/86564/1/syrptbrs_2025_066.pdf  |z Dokumentum-elérés